[Event "NCA-ch Fase 2"]
[Site "Managua"]
[Date "2022.01.23"]
[Round "3"]
[White "Rocha Mendoza, Axel Farid"]
[Black "Flores, Manuel"]
[Result "0-1"]
[WhiteElo "1737"]
[BlackElo "1951"]
[PlyCount "80"]
[EventDate "2022.01.22"]
[EventType "swiss"]
[EventRounds "9"]
[EventCountry "NCA"]
[SourceTitle "CBM 207 Extra"]
[Source "ChessBase"]
[SourceDate "2022.05.31"]
[SourceVersion "1"]
[SourceVersionDate "2022.05.31"]
[SourceQuality "1"]

1. e4 c5 2. f4 g6 3. Nf3 Bg7 4. c3 d6 5. Bc4 e6 6. Qe2 Nc6 7. 0-0 Nge7 8. d3 0-0 9. Nbd2 Na5 10. Bb3 Nxb3 11. axb3 Nc6 12. Qf2 b6 13. Qg3 Bb7 14. Ng5 h6 15. Nh3 Ne7 16. Nf3 d5 17. e5 Nf5 18. Qe1 d4 19. c4 Bxf3 20. Rxf3 Qh4 21. Qxh4 Nxh4 22. Rf1 a5 23. Bd2 Nf5 24. Nf2 Rfd8 25. Rfe1 h5 26. Ne4 Bf8 27. Kf2 Be7 28. g3 Kg7 29. Kg2 Rd7 30. Rad1 a4 31. Ra1 Rda7 32. Ra3 axb3 33. Rxb3 Bd8 34. Kf2 Ra1 35. Bc1 Rb1 36. Ra3 Rxa3 37. bxa3 Ra1 38. Bb2 Ra2 39. Re2 Ne3 40. Rd2 Rxb2 0-1

[Event "Managua Hurtado Memorial op"]
[Site "Managua"]
[Date "2021.12.30"]
[Round "9"]
[White "Rodriguez Guerrero, Diana Michel"]
[Black "Rocha Mendoza, Axel Farid"]
[Result "0-1"]
[WhiteElo "1406"]
[BlackElo "1737"]
[PlyCount "68"]
[EventDate "2021.12.26"]
[EventType "swiss"]
[EventRounds "9"]
[EventCountry "NCA"]
[SourceTitle "CBM 206 Extra"]
[Source "ChessBase"]
[SourceDate "2022.03.31"]
[SourceVersion "1"]
[SourceVersionDate "2022.03.31"]
[SourceQuality "1"]

1. e4 g6 2. Nc3 Bg7 3. d4 d6 4. Nf3 e6 5. Be2 Ne7 6. 0-0 b6 7. Bg5 h6 8. Be3 Bb7 9. Qd2 a6 10. Rad1 Nd7 11. Rfe1 Nf8 12. e5 d5 13. h3 a5 14. Bb5+ c6 15. Bd3 Ba6 16. Ne2 Bxd3 17. Qxd3 Nf5 18. Rc1 Nxe3 19. Qxe3 h5 20. Qd3 Bh6 21. Nd2 Qc8 22. f4 Qa6 23. Qxa6 Rxa6 24. c4 Kd7 25. cxd5 exd5 26. Rc2 Ne6 27. g3 h4 28. Kg2 hxg3 29. Kxg3 Raa8 30. h4 Ng7 31. Nf3 Rac8 32. Ng5 Nf5+ 33. Kh3 Bxg5 34. fxg5 Rxh4+ 0-1

[Event "Managua Hurtado Memorial op"]
[Site "Managua"]
[Date "2021.12.27"]
[Round "2"]
[White "Rocha Mendoza, Axel Farid"]
[Black "Useda Bodan, Jesus Ernesto"]
[Result "1-0"]
[WhiteElo "1737"]
[BlackElo "1496"]
[PlyCount "33"]
[EventDate "2021.12.26"]
[EventType "swiss"]
[EventRounds "9"]
[EventCountry "NCA"]
[SourceTitle "CBM 206 Extra"]
[Source "ChessBase"]
[SourceDate "2022.03.31"]
[SourceVersion "1"]
[SourceVersionDate "2022.03.31"]
[SourceQuality "1"]

1. d4 Nf6 2. e3 e6 3. Bd3 Bb4+ 4. Bd2 Bxd2+ 5. Nxd2 0-0 6. e4 d6 7. e5 dxe5 8. dxe5 Nd5 9. Nh3 Nc6 10. Bxh7+ Kxh7 11. Qh5+ Kg8 12. Ng5 Re8 13. Qxf7+ Kh8 14. Qh5+ Kg8 15. Qh7+ Kf8 16. Qh8+ Ke7 17. Qxg7# 1-0

[Event "Managua Hurtado Memorial op"]
[Site "Managua"]
[Date "2021.12.26"]
[Round "1"]
[White "Salazar Cabezas, Alberto Javier"]
[Black "Rocha Mendoza, Axel Farid"]
[Result "1-0"]
[WhiteElo "2143"]
[BlackElo "1737"]
[PlyCount "113"]
[EventDate "2021.12.26"]
[EventType "swiss"]
[EventRounds "9"]
[EventCountry "NCA"]
[SourceTitle "CBM 206 Extra"]
[Source "ChessBase"]
[SourceDate "2022.03.31"]
[SourceVersion "1"]
[SourceVersionDate "2022.03.31"]
[SourceQuality "1"]

1. Nf3 f5 2. d3 Nf6 3. e4 d6 4. Nc3 e5 5. Bg5 Be7 6. exf5 Bxf5 7. d4 Nbd7 8. dxe5 Nxe5 9. Nd4 Qd7 10. Be2 0-0 11. 0-0 c6 12. Nxf5 Qxf5 13. Qd2 d5 14. Rae1 Bd6 15. f4 Ned7 16. Bd3 Qg4 17. Rf3 Rae8 18. Rg3 Qh5 19. Rh3 Qf7 20. Kh1 Re7 21. Rxe7 Bxe7 22. Qe1 Bb4 23. Bf5 Re8 24. Re3 Nf8 25. Rxe8 Nxe8 26. Bd3 Qe6 27. Qf1 Nd6 28. f5 Qf7 29. Qf3 Bxc3 30. bxc3 Nd7 31. Qf4 Ne8 32. c4 Nb6 33. cxd5 Nxd5 34. Qd4 a6 35. c4 Ndf6 36. Be2 Qd7 37. Qe5 h6 38. Bf4 Kf8 39. g4 Qe7 40. Kg2 Nd7 41. Qxe7+ Kxe7 42. Kf3 Nef6 43. h4 b5 44. g5 Ng8 45. Ke4 b4 46. Kd4 a5 47. c5 hxg5 48. hxg5 Ke8 49. Bh5+ Ke7 50. Bd6+ Kd8 51. Bf3 Ne7 52. Bxe7+ Kxe7 53. Bxc6 Nb8 54. Bb5 Nd7 55. Bxd7 Kxd7 56. Kc4 Kc6 57. f6 1-0

[Event "NCA-ch Fase 2"]
[Site "Managua"]
[Date "2020.01.19"]
[Round "2"]
[White "Espinoza Solano, Jose Nahum"]
[Black "Rocha Mendoza, Axel Farid"]
[Result "1-0"]
[WhiteElo "1878"]
[BlackElo "1796"]
[PlyCount "87"]
[EventDate "2020.01.18"]
[EventType "swiss"]
[EventRounds "9"]
[EventCountry "NCA"]
[SourceTitle "EXT 2021"]
[Source "ChessBase"]
[SourceDate "2020.10.23"]
[SourceVersion "1"]
[SourceVersionDate "2020.10.23"]
[SourceQuality "1"]

1. e4 b6 2. d4 Bb7 3. Nc3 e6 4. Bd3 Nc6 5. Nge2 g6 6. Bf4 Bg7 7. Qd2 d6 8. 0-0-0 Nge7 9. h4 h5 10. d5 Ne5 11. Bb5+ Nd7 12. dxe6 fxe6 13. Bxd6 c6 14. Bc4 e5 15. Kb1 Bh6 16. Qd3 b5 17. Nxb5 cxb5 18. Bxb5 Nc6 19. Qc4 Qf6 20. Bxc6 Bxc6 21. Qxc6 Rd8 22. Nc3 Kf7 23. Nd5 Qe6 24. Nc7 Qf6 25. Qd5+ Kg7 26. Ne6+ Kh7 27. Nxd8 Rxd8 28. Bxe5 Nxe5 29. Qxd8 Qf4 30. Qc7+ Bg7 31. Rd7 Qf6 32. Rxg7+ Qxg7 33. Qxg7+ Kxg7 34. f4 Nc4 35. Rd1 a5 36. b3 Ne3 37. Rd7+ Kf6 38. Rd6+ Kf7 39. g3 Nf1 40. Rd3 Nh2 41. c4 Ng4 42. c5 Nf2 43. Rd4 Ng4 44. c6 1-0